FAO forestry paper N.86 Forestry policies in Europe

Сохранить в:
Библиографические подробности
Главный автор: FAO
Формат:
Язык:Undetermined
Опубликовано: Rome FAO 1988
Предметы:
Метки: Добавить метку
Нет меток, Требуется 1-ая метка записи!
Thư viện lưu trữ: Trung tâm Học liệu Trường Đại học Cần Thơ
LEADER 00503nam a2200193Ia 4500
001 CTU_3941
008 210402s9999 xx 000 0 und d
082 |a 634 
082 |b F686/N.86 
100 |a FAO 
245 0 |a FAO forestry paper N.86 
245 0 |b Forestry policies in Europe 
245 0 |c FAO 
260 |a Rome 
260 |b FAO 
260 |c 1988 
650 |a forests and forestry 
904 |i Nguyễn Quang Điền, 960530 
980 |a Trung tâm Học liệu Trường Đại học Cần Thơ